<?xml version="1.0" encoding="UTF-8"?><?xml-stylesheet type="text/xsl" href="static/style.xsl"?><OAI-PMH xmlns="http://www.openarchives.org/OAI/2.0/" xmlns:xsi="http://www.w3.org/2001/XMLSchema-instance" xsi:schemaLocation="http://www.openarchives.org/OAI/2.0/ http://www.openarchives.org/OAI/2.0/OAI-PMH.xsd"><responseDate>2026-04-17T06:40:38Z</responseDate><request verb="GetRecord" identifier="oai:www.recercat.cat:2445/209153" metadataPrefix="marc">https://recercat.cat/oai/request</request><GetRecord><record><header><identifier>oai:recercat.cat:2445/209153</identifier><datestamp>2025-11-19T10:56:16Z</datestamp><setSpec>com_2072_1057</setSpec><setSpec>col_2072_478861</setSpec><setSpec>col_2072_478916</setSpec><setSpec>col_2072_478917</setSpec></header><metadata><record xmlns="http://www.loc.gov/MARC21/slim" xmlns:dcterms="http://purl.org/dc/terms/" xmlns:xsi="http://www.w3.org/2001/XMLSchema-instance" xmlns:doc="http://www.lyncode.com/xoai" xsi:schemaLocation="http://www.loc.gov/MARC21/slim http://www.loc.gov/standards/marcxml/schema/MARC21slim.xsd">
   <leader>00925njm 22002777a 4500</leader>
   <datafield ind2=" " ind1=" " tag="042">
      <subfield code="a">dc</subfield>
   </datafield>
   <datafield ind2=" " ind1=" " tag="720">
      <subfield code="a">Martínez Momblán, Ma. Antonia</subfield>
      <subfield code="e">author</subfield>
   </datafield>
   <datafield ind2=" " ind1=" " tag="720">
      <subfield code="a">Basco Prado, Luis</subfield>
      <subfield code="e">author</subfield>
   </datafield>
   <datafield ind2=" " ind1=" " tag="720">
      <subfield code="a">Colina Torralva, Javier</subfield>
      <subfield code="e">author</subfield>
   </datafield>
   <datafield ind2=" " ind1=" " tag="720">
      <subfield code="a">Fernández Cervilla, Ana Belén</subfield>
      <subfield code="e">author</subfield>
   </datafield>
   <datafield ind2=" " ind1=" " tag="720">
      <subfield code="a">Guix Comellas, Eva Maria</subfield>
      <subfield code="e">author</subfield>
   </datafield>
   <datafield ind2=" " ind1=" " tag="720">
      <subfield code="a">Romero García, Marta</subfield>
      <subfield code="e">author</subfield>
   </datafield>
   <datafield ind2=" " ind1=" " tag="260">
      <subfield code="c">2024-03-25T17:15:15Z</subfield>
   </datafield>
   <datafield ind2=" " ind1=" " tag="260">
      <subfield code="c">2024-03-25T17:15:15Z</subfield>
   </datafield>
   <datafield ind2=" " ind1=" " tag="260">
      <subfield code="c">2019-05-25</subfield>
   </datafield>
   <datafield ind2=" " ind1=" " tag="260">
      <subfield code="c">2024-03-25T17:15:20Z</subfield>
   </datafield>
   <datafield ind2=" " ind1=" " tag="520">
      <subfield code="a">Objetivo: Evaluar las percepciones de los diferentes agentes que intervenían en la utilización de la carpeta de aprendizaje, y determinar el nivel de satisfacción de los estudiantes durante la práctica clínica. Metodología: Se incluyeron 33 profesores y 185 estudiantes matriculados durante el curso 2016-2017 en las asignaturas de Estancias Clínicas I y II, correspondientes al segundo y tercer curso de Grado de Enfermería de la Escuela de Enfermería de la Universidad de Barcelona. Se elaboraron dos cuestionarios ad-hoc: uno para evaluar la percepción de los agentes sobre la carpeta de aprendizaje, con 4 dimensiones relacionadas con el uso de la herramienta, la vinculación competencial, los problemas y las limitaciones en el manejo; y un segundo cuestionario sobre el nivel de satisfacción realizado sólo a los estudiantes. Resultados: Según los estudiantes, la utilidad de la carpeta de aprendizaje fue elevada con un 89% (n=81) y un 71% (n=67), en segundo y tercer curso respectivamente, pero esta utilidad disminuyó al asociarla con la ayuda que proporcionaba en la adquisición de sus competencias, 37% (n=37) y 26% (n=24). La dificultad en su utilización fue del 41% (n= 37) en segundo curso y del 28% (n=26) en tercero. Respecto a la opinión de los tutores de prácticas, tanto la idoneidad como la utilidad de la carpeta obtuvieron valores elevados con un 91% (n=30) i un 94% (n=31), respectivamente. Conclusiones: La utilidad de la carpeta de aprendizaje es alta tanto para estudiantes como para profesores, pero representó un instrumento complejo en su uso, que nos obligará a unificar diseños en el sistema de evaluación para que el estudiante y tutores optimicen esta herramienta.</subfield>
   </datafield>
   <datafield tag="653" ind2=" " ind1=" ">
      <subfield code="a">Ensenyament de la infermeria</subfield>
   </datafield>
   <datafield tag="653" ind2=" " ind1=" ">
      <subfield code="a">Portafolis en educació</subfield>
   </datafield>
   <datafield tag="653" ind2=" " ind1=" ">
      <subfield code="a">Innovacions educatives</subfield>
   </datafield>
   <datafield tag="653" ind2=" " ind1=" ">
      <subfield code="a">Educació superior</subfield>
   </datafield>
   <datafield tag="653" ind2=" " ind1=" ">
      <subfield code="a">Nursing education</subfield>
   </datafield>
   <datafield tag="653" ind2=" " ind1=" ">
      <subfield code="a">Portfolios in education</subfield>
   </datafield>
   <datafield tag="653" ind2=" " ind1=" ">
      <subfield code="a">Educational innovations</subfield>
   </datafield>
   <datafield tag="653" ind2=" " ind1=" ">
      <subfield code="a">Higher education</subfield>
   </datafield>
   <datafield ind2="0" ind1="0" tag="245">
      <subfield code="a">Satisfacción de la carpeta de aprendizaje y agentes que intervienen en la práctica clínica en el grado de enfermería</subfield>
   </datafield>
</record></metadata></record></GetRecord></OAI-PMH>